| 000 | 00758nam a22001695i 4500 | ||
|---|---|---|---|
| 001 | 167547 | ||
| 003 | ES-MaACL | ||
| 005 | 20230906213540.0 | ||
| 008 | 981201s1887 sp |||| | spa d | ||
| 040 |
_aCCPB | B _bspa _cCCPB | B |
||
| 100 | 1 |
_aVilla y Martín, Santiago de la Villa. _9133729 |
|
| 245 | 1 | 0 | _aDiscursos leidos en la Real Academia de Medicina para la recepción Pública del Académico electo D. Santiago de la Villa y Martín, el día 18 de Diciembre de 1887. |
| 260 |
_aMadrid : _bEstablecimiento Tipográfico de Manuel Minuesa, _c1887. |
||
| 300 |
_a55 p. ; _c27 cm. |
||
| 610 | 0 | 4 |
_aReal Academia Nacional de Medicina (España) _96344 |
| 852 |
_aES-MaACL _jT-450-F-7 _z-- Enc. hol., falto de la cub. original _z-- Enc. en un vol. facticio |
||
| 999 |
_c167547 _d167547 |
||